Normal view
MARC view
Entry Personal Name
001 - CONTROL NUMBER
- control field: 85567
003 - CONTROL NUMBER IDENTIFIER
- control field: dpl
005 - DATE AND TIME OF LATEST TRANSACTION
- control field: 20251029123345.0
008 - FIXED-LENGTH DATA ELEMENTS
- fixed length control field: 251029|| aca||aabn | a|a d
040 ## - CATALOGING SOURCE
- Original cataloging agency: dpl
- Transcribing agency: dpl
100 ## - HEADING--PERSONAL NAME
- Personal name: Subramanian Swamy
670 ## - SOURCE DATA FOUND
- Source citation: Work cat.: (dpl)205170: Subramanian Swamy , The Constitutional Framework for Hindu Rashtra and Bhartiya identity/, 2024
